[Event "Borzhomi"]
[Site "Borzhomi"]
[Date "1988.??.??"]
[Round "?"]
[White "Sherbakov, Ruslan"]
[Black "Komarov, Dimitri"]
[Result "1/2-1/2"]
[WhiteElo "2360"]
[BlackElo "2390"]

1.g3 d5 2.Nf3 c6 3.Bg2 Bg4 4.O-O Nd7 5.h3 Bxf3 6.exf3 e6 7.f4 Ngf6 8.Qe2 Be7
9.d3 O-O 10.Nd2 a5 11.a4 b5 12.Nf3 Qc7 13.Re1 bxa4 14.f5 Nc5 15.fxe6 Nxe6
16.Rxa4 Rfe8 17.Be3 Qb7 18.Ra2 Bc5 19.Bxc5 Nxc5 20.Qd2 a4 21.Nd4 Qb6 22.Rxe8+ Rxe8
23.Qc3 g6 24.b4 axb3 25.cxb3 Rb8 26.Nxc6 Qxc6 27.b4 Qb6 28.Qxc5 Qxb4 29.Ra5  1/2-1/2

[Event "Brocco op"]
[Site "Brocco"]
[Date "1988.??.??"]
[Round "?"]
[White "Christen, Peter"]
[Black "Svensson, Bengt"]
[Result "1-0"]
[WhiteElo "2240"]
[BlackElo "2360"]

1.Nf3 d5 2.g3 e6 3.Bg2 Be7 4.O-O Nf6 5.d4 O-O 6.c4 a6 7.Nc3 dxc4 8.Ne5 c5
9.dxc5 Bxc5 10.Nxc4 Qc7 11.b3 Rd8 12.Qc2 Nbd7 13.Rd1 Re8 14.Na4 Ba7 15.Ba3 Ng4
16.e3 Bb8 17.Qe2 Nh6 18.Rac1  1-0

[Event "Noviki"]
[Site "Budapest"]
[Date "1988.??.??"]
[Round "?"]
[White "Kochyev, Alexander"]
[Black "Lukacs, Peter"]
[Result "1/2-1/2"]
[WhiteElo "2480"]
[BlackElo "2465"]

1.Nf3 d5 2.g3 Nf6 3.Bg2 c6 4.c4 dxc4 5.Na3 b5 6.Ne5 Qc7 7.d4 Bb7 8.O-O e6
9.b3 c3 10.Qd3 Nbd7 11.Nc2 Nxe5 12.dxe5 Nd7 13.Qxc3  1/2-1/2

[Event "Buenos Aires"]
[Site "Buenos Aires"]
[Date "1988.??.??"]
[Round "?"]
[White "Szmetan, Jorge"]
[Black "Giardelli, Sergio C"]
[Result "0-1"]
[WhiteElo "2405"]
[BlackElo "2380"]

1.Nf3 d5 2.g3 Nf6 3.Bg2 c6 4.d3 Bf5 5.Nbd2 e6 6.O-O h6 7.Qe1 Be7 8.e4 Bh7
9.Qe2 O-O 10.Ne1 a5 11.f4 Re8 12.Kh1 Bf8 13.g4 Na6 14.a3 a4 15.e5 Nd7 16.Nef3 b5
17.g5 b4 18.Nh4 hxg5 19.fxg5 Qxg5 20.Ndf3 Qh5 21.Bh3 Be7 22.Rg1 Nxe5 23.Qxe5 Qxe5
24.Nxe5 Bxh4 25.Rg4 Bf6 26.Nd7 Be7 27.Bd2 Bf5 28.Rg3 Bxh3 29.Rag1 g6 30.Rxh3 Ra7
31.Ne5 Bf6 32.Nxc6 Rc7 33.Nxb4 Nxb4 34.Bxb4 Rxc2 35.Rf3 Bxb2 36.Rgf1 f5 37.Rg1 Kf7
38.Rh3 Rh8 39.Rgg3 Rxh3 40.Rxh3 Bg7 41.Re3 Rb2 42.Bd6 Rb3 43.Rh3 e5 44.Kg2 e4  0-1

[Event "BUL-ch"]
[Site "BUL"]
[Date "1988.??.??"]
[Round "?"]
[White "Ninov, Kiril"]
[Black "Panbukchian, Valentin"]
[Result "1-0"]
[WhiteElo "2495"]
[BlackElo "2380"]

1.Nf3 d5 2.g3 c6 3.Bg2 Bg4 4.c4 Nd7 5.cxd5 cxd5 6.Nc3 e6 7.Qa4 Bxf3 8.Bxf3 a6
9.d4 b5 10.Qb3 Ngf6 11.e4 b4 12.exd5 bxc3 13.dxe6 fxe6 14.Qxe6+ Be7 15.Bxa8 Qxa8
16.O-O Qd5 17.Re1 Qxe6 18.Rxe6 Kf7 19.Rxa6 cxb2 20.Bxb2 Rb8 21.Ba3 Bd8 22.Bc5 Rc8
23.Ra7 Kg6 24.a4 Nxc5 25.dxc5 Ne4 26.Re1 Nxc5 27.Re8 Kf6 28.Kg2 Rb8 29.a5 h5
30.h4 Rc8 31.Re3 Bc7 32.Rc3 Be5 33.Rc4 Ke6 34.Rc2 Kd5 35.a6 Kc6 36.Rf7 Bf6
37.a7 Ra8 38.Rc1 Bd4 39.Rd1 Bf6 40.Rb1 Be5 41.f4 Bc7 42.Ra1 Bb6 43.Rxg7 Nd7
44.Rh7 Rxa7 45.Rxa7 Bxa7 46.Rxh5 Bd4 47.Rh6+ Kd5 48.Kf3 Nc5 49.g4 Bb2 50.Rb6 Bc1
51.h5 Ne6 52.h6 Nd4+ 53.Kg3 Ke4 54.f5 Bf4+ 55.Kh4 Be5 56.h7 Bh8 57.Kh5 Ke5
58.Rb8  1-0

[Event "BUL-ch"]
[Site "BUL"]
[Date "1988.??.??"]
[Round "?"]
[White "Ninov, Kiril"]
[Black "Kolev, Atanas"]
[Result "1/2-1/2"]
[WhiteElo "2495"]
[BlackElo "2395"]

1.Nf3 d5 2.g3 c5 3.Bg2 g6 4.O-O Bg7 5.d4 cxd4 6.Nxd4 Nf6 7.Nc3 e5 8.Nb3 d4
9.Nb5 Qd7 10.a4 a6 11.Na3 O-O 12.f4 exf4 13.Bxf4 Nd5 14.Nc5 Qd8 15.Qd2 Nxf4
16.Qxf4 Qb6 17.Nd3 Be6 18.a5 Qxa5 19.Nc4 Qd8 20.Na5 Ra7 21.Nxb7 Qc8 22.Nbc5  1/2-1/2

[Event "Bytom"]
[Site "Bytom"]
[Date "1988.??.??"]
[Round "4"]
[White "Karlik, Jiri"]
[Black "Videki, Sandor"]
[Result "0-1"]
[WhiteElo "2325"]
[BlackElo "2315"]

1.Nf3 d5 2.g3 c5 3.Bg2 e6 4.O-O Nc6 5.d3 g6 6.Nbd2 Bg7 7.e4 Nge7 8.Re1 h6
9.c3 b6 10.exd5 exd5 11.Nb3 O-O 12.d4 c4 13.Nbd2 Be6 14.Nf1 b5 15.h4 Qd7
16.Bf4 Rfe8 17.Qd2 Kh7 18.Ne5 Nxe5 19.Bxe5 a5 20.Nh2 Bxe5 21.dxe5 Rab8 22.a3 b4
23.axb4 axb4 24.Nf3 bxc3 25.bxc3 Rb6 26.Ra2 Reb8 27.Nd4 Rb1 28.Rxb1 Rxb1+
29.Kh2 h5 30.Qg5 Nc6 31.Nxc6 Qxc6 32.Qd8 Qb6 33.Qf8 Qb8 34.Qxb8 Rxb8 35.Rd2 Kg7
36.f4 Kf8 37.Kg1 Rb3 38.Rc2 Ke7 39.Kf2 Bf5 40.Rd2 Rxc3 41.Bxd5 Rc1 42.Ra2 c3
43.Ra7+ Kd8 44.Bxf7 c2 45.e6 Rf1+  0-1

[Event "Caorle op"]
[Site "Caorle"]
[Date "1988.??.??"]
[Round "1"]
[White "Simoli, Sergio"]
[Black "Weinberg, E."]
[Result "1-0"]
[WhiteElo "2160"]
[BlackElo "1955"]

1.Nf3 d5 2.g3 Nf6 3.Bg2 g6 4.b3 Bg7 5.Bb2 O-O 6.O-O c5 7.d4 Ne4 8.Nbd2 f5
9.e3 Nc6 10.Qe2 Rb8 11.Rfd1 b5 12.Ne5 Qc7 13.f4 Be6 14.Bh3 Nxd2 15.Rxd2 c4
16.c3 b4 17.bxc4 bxc3 18.Bxc3 Nxe5 19.fxe5 Qxc4 20.Qxc4 dxc4 21.d5 Bc8 22.Rc1 Ba6
23.Bf1 Rbc8 24.Kf2 Rfd8 25.Bg2 Bb7 26.Rb1 Ba8 27.Rb5 Rb8 28.Rdb2 Rxb5 29.Rxb5 Rc8
30.e4 fxe4 31.Bh3 Rf8+ 32.Ke3 Bxd5 33.Rxd5 Bh6+ 34.Kxe4 Rf2 35.Be6+ Kg7 36.Rd7 Rxa2
37.Rxe7+  1-0

[Event "Caorle op"]
[Site "Caorle"]
[Date "1988.??.??"]
[Round "1"]
[White "Glavinits, Thomas"]
[Black "Wigmans, E."]
[Result "1/2-1/2"]
[WhiteElo "2000"]
[BlackElo "2000"]

1.Nf3 d5 2.g3 c6 3.Bg2 Nf6 4.O-O Bf5 5.d4 e6 6.c4 Be7 7.Nc3 O-O 8.Re1 Nbd7
9.Nd2 Qb6 10.e4 Bg4 11.Nf3 dxe4 12.Nxe4 Nxe4 13.Rxe4 Nf6 14.Re2 Rad8 15.Rd2 Rd7
16.Qb3 Bxf3 17.Bxf3 Rfd8 18.Qxb6 axb6 19.Rc2 c5 20.dxc5 bxc5 21.Be3 b6 22.Rc3 Rd3
23.Rac1 e5 24.Be2 Rxc3 25.Rxc3 Ra8 26.a3 Kf8 27.Rb3 Bd8 28.Bg5 Rb8 29.Be3 Ra8
30.Bg5 Rb8 31.Be3 Ra8  1/2-1/2

[Event "Caorle op"]
[Site "Caorle"]
[Date "1988.??.??"]
[Round "3"]
[White "Andreoli, Renato"]
[Black "Zorman, Vojko"]
[Result "1-0"]
[WhiteElo "2020"]
[BlackElo "2240"]

1.Nf3 d5 2.g3 c5 3.Bg2 Nc6 4.d4 e6 5.O-O cxd4 6.Nxd4 Bc5 7.Nxc6 bxc6 8.c4 Ne7
9.Nc3 O-O 10.Qc2 Bb7 11.Rd1 Bb6 12.b3 Nf5 13.Bb2 Qe7 14.cxd5 Nd4 15.Qd2 exd5
16.e3 Ne6 17.Ne2 Rad8 18.b4 Rfe8 19.Rac1 a5 20.bxa5 Ba7 21.Qd3 c5 22.a6 Ba8
23.Qf5 d4 24.Bxa8 Rxa8 25.exd4 cxd4 26.Nxd4 Bxd4 27.Bxd4 Rxa6 28.Qb1 Ng5
29.h4 Nf3+ 30.Kg2 Nxh4+ 31.gxh4 Rg6+ 32.Kf1 Qe2+  1-0

[Event "Caorle op"]
[Site "Caorle"]
[Date "1988.??.??"]
[Round "5"]
[White "Glavinits, Thomas"]
[Black "Saesseli, K."]
[Result "1/2-1/2"]
[WhiteElo "2000"]
[BlackElo "2200"]

1.Nf3 d5 2.g3 Nf6 3.Bg2 g6 4.O-O Bg7 5.d4 O-O 6.c4 c6 7.b3 a5 8.Nc3 Na6 9.Bb2 Bd7
10.Ne5 Be6 11.Re1 dxc4 12.Nxc4 Qc7 13.e4  1/2-1/2

[Event "Caorle op"]
[Site "Caorle"]
[Date "1988.??.??"]
[Round "6"]
[White "Andreoli, Renato"]
[Black "Negra, Massimiliano"]
[Result "0-1"]
[WhiteElo "2020"]
[BlackElo "1955"]

1.Nf3 d5 2.g3 Nf6 3.Bg2 Nbd7 4.d4 c5 5.O-O e6 6.c4 Nb6 7.cxd5 Nbxd5 8.Nc3 Be7
9.Nxd5 Qxd5 10.Be3 O-O 11.Ne5 Qd6 12.Rc1 Nd5 13.Rxc5 Qa6 14.Rc4 Qxa2 15.Qa1 Qb3
16.Bxd5 exd5 17.Rc3 Qb5 18.Nd3 Bg4 19.f3 Be6 20.Rfc1 Rfe8 21.b3 Bd6 22.Bf4 Bf8
23.Qa4 Qxa4 24.bxa4 Bd7 25.Rc7 Bxa4 26.Rxb7 Re7 27.Rxe7 Bxe7 28.Rc7 Kf8 29.Ne5 g5
30.Bd2 a5 31.Nd7+ Bxd7 32.Rxd7 a4 33.Rxd5 a3 34.Ra5 Rb8 35.Kf2 f6 36.e3 Rb2
37.Ra8+ Kf7 38.Ke2 Bb4 39.Ra7+ Kg6 40.h4 Rxd2+ 41.Ke1 Rb2+ 42.Kd1 a2  0-1

[Event "Caorle op"]
[Site "Caorle"]
[Date "1988.??.??"]
[Round "7"]
[White "Barle, Janez"]
[Black "Sinadinovic, Andjelko"]
[Result "1-0"]
[WhiteElo "2425"]
[BlackElo "2230"]

1.Nf3 d5 2.g3 c5 3.Bg2 Nc6 4.d4 e6 5.O-O Nf6 6.c4 Be7 7.cxd5 exd5 8.Nc3 O-O
9.Bg5 c4 10.Ne5 Be6 11.Qd2 Nd7 12.Bxe7 Nxe7 13.f4 f6 14.Nxd7 Qxd7 15.e4 b5
16.Rfe1 Bf7 17.exd5 Nxd5 18.Ne4 b4 19.Nc5 Qf5 20.Be4 Qh3 21.f5 c3 22.bxc3 bxc3
23.Qd3 Rab8 24.Bg2 Qh5 25.Nd7 Nb4 26.Qxc3 Rfc8 27.Qf3 Qxf3 28.Bxf3 Rb5 29.Reb1 Rd8
30.a4 Rxf5 31.Be4 Rxd7 32.Rxb4 Rfd5 33.Bxd5 Bxd5 34.Rc1 Kf7 35.a5 g5 36.Rc5 h5
37.Kf2 Ke6 38.Ke3 Kd6 39.Rb8 Re7+ 40.Kf2 Rd7 41.Rcc8 Rh7 42.Rd8+ Ke6 43.Rb5 Bb7
44.d5+ Ke5 45.d6+ Ke6 46.Rc5 Rh6 47.Rc7 Bh1 48.Re7+ Kd5 49.d7 Kd6 50.Ree8  1-0

[Event "ITA-ch48"]
[Site "Chianciano"]
[Date "1988.??.??"]
[Round "9"]
[White "Tatai, Stefano"]
[Black "Braga, Fernando"]
[Result "1/2-1/2"]
[WhiteElo "2380"]
[BlackElo "2425"]

1.Nf3 d5 2.g3 Nf6 3.Bg2 e6 4.O-O Be7 5.c4 O-O 6.b3 c5 7.Bb2 Nc6 8.e3 dxc4
9.bxc4 Qb6 10.Qc2 Rd8 11.a3 Na5 12.Ra2 Bd7 13.Bc3 Qa6 14.d3 Rab8 15.Ne5 Be8
16.Nd2 Nd7 17.Rb1 Nxe5 18.Bxe5 Bd6 19.Bc3 Bf8 20.Be5 Rbc8 21.Rab2 b6 22.Nf3 Nc6
23.Bc3 Nb8 24.Ne1  1/2-1/2

[Event "Capablanca mem-A"]
[Site "Cienfuegos"]
[Date "1988.??.??"]
[Round "?"]
[White "Vogt, Lothar"]
[Black "Diaz, Joaquin C"]
[Result "1-0"]
[WhiteElo "2460"]
[BlackElo "2485"]

1.Nf3 d5 2.g3 e6 3.Bg2 Nf6 4.O-O Be7 5.d3 O-O 6.Nbd2 c5 7.e4 Nc6 8.Re1 Qc7
9.Qe2 b5 10.e5 Nd7 11.Nf1 Bb7 12.Bf4 d4 13.h4 Nb6 14.N1h2 Na4 15.Ng4 Qd8
16.Ng5 Nxb2 17.Qe4 g6 18.Nh6+ Kg7 19.Nhxf7 Rxf7 20.Nxe6+ Kg8 21.Nxd8 Nxd8
22.e6 Rf5 23.Qe2 Bxg2 24.Kxg2 Na4 25.Qe4 Rc8 26.g4 Rf8 27.Bh6  1-0

[Event "Capablanca mem-A"]
[Site "Cienfuegos"]
[Date "1988.??.??"]
[Round "?"]
[White "Dorfman, Josif D"]
[Black "Diaz, Joaquin C"]
[Result "1-0"]
[WhiteElo "2520"]
[BlackElo "2485"]

1.Nf3 d5 2.g3 Nf6 3.Bg2 e6 4.O-O Be7 5.d4 b5 6.b3 Ba6 7.a3 Nbd7 8.b4 Bb7
9.c3 a5 10.Bb2 Bd6 11.Nbd2 O-O 12.Nb3 a4 13.Nc5 Bxc5 14.bxc5 Qe7 15.Ne1 e5
16.Nc2 e4 17.f3 Nb8 18.Bc1 h6 19.g4 exf3 20.exf3 Nc6 21.Bf4 Na5 22.Ne3 Bc8
23.Re1 Qd8 24.Bg3 Nc4 25.Bh4 Ra6 26.Qb1 Nxe3 27.Rxe3 Qd7 28.Bf1 c6 29.Bxf6 gxf6
30.Qe1 Qc7 31.Qh4 Qf4 32.Rae1 Ra8 33.Bd3 Be6 34.Kf2 Rfe8 35.Qg3 Qxg3+ 36.Kxg3 Kg7
37.Kh4 h5 38.gxh5 Rh8 39.Rxe6 fxe6 40.Rxe6 Rac8 41.Re7+ Kh6 42.Bg6 Rcg8 43.Kg4 Rg7
44.Re6 Rc7 45.Rxf6 Kg7 46.Re6 Rd8 47.Kg5  1-0

[Event "COL-ch"]
[Site "?"]
[Date "1988.??.??"]
[Round "3"]
[White "Gonzales, Jorge A"]
[Black "Baquero, Luis A"]
[Result "0-1"]
[WhiteElo "2375"]
[BlackElo "2290"]

1.Nf3 d5 2.g3 Nf6 3.Bg2 c5 4.O-O Nc6 5.c4 dxc4 6.Na3 e6 7.Nxc4 Be7 8.d3 O-O
9.a4 Nd5 10.Bd2 b6 11.Qb3 Ba6 12.Rfd1 Nd4 13.Nxd4 cxd4 14.Rdc1 Rc8 15.Rc2 Rc5
16.Rac1 Qb8 17.Qa2 Rcc8 18.Bxd5 exd5 19.Bf4 Qa8 20.Ne5 Bb7 21.Nf3 Rxc2 22.Rxc2 Rc8
23.Qb3 f6 24.Nxd4 Rxc2 25.Qxc2 Kf7 26.Qc7 Qc8 27.b3 Qxc7 28.Bxc7 Bc5 29.Nc2 Bc6
30.d4 Be7 31.Bb8 a6 32.Bc7 b5 33.a5 Ke6 34.Bb6 g6 35.f3 g5 36.Kf2 Bd6 37.Bd8 Be8
38.e4 Bg6 39.Ke3 g4 40.exd5+ Kd7 41.Bxf6 Bxc2  0-1

[Event "COL-ch"]
[Site "?"]
[Date "1988.??.??"]
[Round "5"]
[White "Agudelo, Antonio"]
[Black "Baquero, Luis A"]
[Result "1-0"]
[WhiteElo "2305"]
[BlackElo "2290"]

1.Nf3 d5 2.g3 c5 3.Bg2 Nc6 4.O-O Nf6 5.d3 Bg4 6.h3 Bh5 7.Nbd2 e6 8.Re1 Be7
9.g4 Bg6 10.Nh4 Qc7 11.Nxg6 hxg6 12.c3 O-O-O 13.Qa4 g5 14.Nf3 Nh7 15.e4 f6
16.Be3 Nf8 17.exd5 exd5 18.b4 Nd7 19.Rab1 Nb6 20.Qb3 c4 21.Bxb6 cxb3 22.Bxc7 bxa2
23.Ra1 Kxc7 24.Rxa2 Bd6 25.d4 a6 26.Rae2 Rd7 27.Kf1 Bf4 28.Ng1 Bh2 29.Nf3 Bf4
30.Rd1 Rhd8 31.Ne1 Re7 32.Nd3 Rxe2 33.Kxe2 Bd6 34.Bxd5 Na7 35.Bc4 Rh8 36.Rh1 b5
37.Bd5 Kb6 38.Kf3 a5 39.bxa5+ Kxa5 40.Be6 Kb6 41.d5 Nc8 42.Ke4 Ne7 43.Rb1 Rxh3
44.c4 b4 45.Nxb4 Kc5 46.Na6+ Kxc4 47.Rb6 f5+ 48.Bxf5 Bc5 49.Nxc5 Kxc5 50.Re6 Rh1
51.Ke5 Nxd5 52.Be4 Re1 53.f3 Nf4 54.Rc6+ Kb5 55.Rc2 Rg1 56.Kf5 Nh3 57.Kg6 Rg3
58.Kxg7 Kb4 59.Kf6 Kb3 60.Rc1 Rg2 61.Kf5 Kb4 62.Rh1 Nf2 63.Rh5 Kc5 64.Rxg5 Kd4
65.Bb7 Nd3 66.Rg8 Rb2 67.Bc6 Rb6 68.Rd8+ Ke3 69.Re8+ Kf2 70.Be4 Rb5+ 71.Kf6 Nf4
72.Re5 Rb6+ 73.Kf7 Ra6 74.Rb5 Rd6 75.Rf5 Kg3 76.Rf6 Rd7+ 77.Ke8 Rg7 78.Kf8 Rg5
79.Kf7 Rc5 80.Rf5 Rc7+ 81.Kf6 Rc8 82.Kg7 Ne6+ 83.Kh7 Kh4 84.Rh5+ Kg3 85.Re5 Re8
86.Rxe6 Rxe6 87.g5 Re7+ 88.Kh6 Kf4 89.g6 Re6 90.Kh7 Kg5 91.g7 Rh6+ 92.Kg8 Rf6
93.Kh8  1-0

[Event "COL-ch"]
[Site "?"]
[Date "1988.??.??"]
[Round "9"]
[White "Agudelo, Antonio"]
[Black "Gutierrez, Jose Antonio"]
[Result "1/2-1/2"]
[WhiteElo "2305"]
[BlackElo "2330"]

1.Nf3 d5 2.g3 Nf6 3.Bg2 c5 4.O-O Nc6 5.d3 e6 6.Nbd2 Be7 7.e4 dxe4 8.dxe4 O-O
9.c3 Rb8 10.e5 Nd7 11.Re1 b5 12.c4 a6 13.b3 Bb7 14.Bb2 Nb4 15.Bf1 Nb6 16.cxb5 Nd3
17.Bxd3 Qxd3 18.bxa6 Qxa6 19.Qe2 Qa8 20.Red1 Rfd8 21.Ne1 Bc6 22.Rdc1 Rd7
23.Nc4 Nxc4 24.bxc4 Rbd8 25.Bc3 Qa4 26.Rab1 Bb7 27.Qc2 Qxc4 28.Ba5 Qxc2 29.Rxc2 Ra8
30.Rcb2 Rxa5  1/2-1/2

[Event "Copenhagen op"]
[Site "Copenhagen"]
[Date "1988.??.??"]
[Round "?"]
[White "Sorensen, Bent"]
[Black "Bang, Andreas"]
[Result "1/2-1/2"]
[WhiteElo "2320"]
[BlackElo "2250"]

1.g3 d5 2.Nf3 Bg4 3.Bg2 Nd7 4.O-O e5 5.c4 dxc4 6.Qa4 Bd6 7.Qxc4 Ngf6 8.d4 c6
9.Nc3 O-O 10.Rd1 Qc7 11.Bg5 h6 12.dxe5 Bxe5 13.Be3 Bd6 14.Nd4 Rfe8 15.Qd3 Ne5
16.Qc2 a6 17.f3 Bd7 18.Bf2 Bc5 19.Na4 Ba7 20.Nc5 Rad8 21.e4 Bc8 22.Kh1 Qe7
23.Ncb3 Bb8 24.Bg1 Ng6 25.Nc5 h5 26.Ne2 h4 27.g4 Nd7 28.Nd3 Nde5 29.h3 Nxd3
30.Rxd3 Rxd3 31.Qxd3 Rd8 32.Qe3  1/2-1/2

[Event "Copenhagen op"]
[Site "Copenhagen"]
[Date "1988.??.??"]
[Round "?"]
[White "Jacobsen, Bo"]
[Black "Bang, Andreas"]
[Result "1/2-1/2"]
[WhiteElo "2280"]
[BlackElo "2250"]

1.Nf3 d5 2.g3 Bg4 3.Bg2 Nd7 4.d3 Ngf6 5.Nbd2 c6 6.h3 Bh5 7.O-O e6 8.g4 Bg6
9.Nh4 Bd6 10.e3 Qc7 11.f4 h5 12.g5 Ng8 13.b3 Ne7 14.Bb2 f6 15.Ndf3 O-O-O
16.Qe2 Bf7 17.c4 e5 18.gxf6 gxf6 19.fxe5 fxe5 20.Ng5 Bg8 21.Nf5 Nxf5 22.Rxf5 dxc4
23.dxc4 Rf8 24.Raf1 Rxf5 25.Rxf5 Rh6 26.Ne4 h4 27.Rh5 Rxh5 28.Qxh5 Be7 29.Qg6 Qd8
30.Bf3 Qf8 31.Bg4 Kd8 32.Kg2 Qf7 33.Qxf7 Bxf7 34.Bxd7 Kxd7 35.Bxe5 Ke6 36.Bb8 a6
37.Kf3 Kf5 38.Nf2 Bh5+ 39.Ng4 Bg5 40.e4+ Ke6 41.Bc7 Bg6 42.Bb6 Bh5 43.Be3 Be7
44.Kf4 Bg6 45.Bd4 Bd6+ 46.Be5 Be7 47.Bc7 Bh5 48.Ne3 Be2 49.Nf5 Bd3 50.Nxe7 Kxe7
51.e5 Bb1 52.a3 c5 53.b4 cxb4 54.axb4 Ba2 55.Kg4 Bxc4 56.Kxh4 Ke6 57.Kg5 b6
58.Kf4 a5 59.bxa5 bxa5 60.Bxa5 Be2 61.h4 Bd3 62.Bc3 Bb1 63.Kg5 Kf7 64.Be1 Bc2
65.Bg3 Bb1 66.h5 Bc2 67.Bh2 Bd3 68.Kf4 Be2 69.h6 Bd3 70.Ke3 Bh7 71.Kd4 Ke6
72.Kc5 Kd7 73.Kd4 Ke6  1/2-1/2

[Event "Copenhagen op"]
[Site "Copenhagen"]
[Date "1988.??.??"]
[Round "?"]
[White "Sorensen, Bent"]
[Black "Nilsson, Nils Specht"]
[Result "1/2-1/2"]
[WhiteElo "2320"]
[BlackElo "2230"]

1.g3 d5 2.Nf3 Nf6 3.Bg2 c6 4.O-O Bg4 5.d3 e6 6.Nbd2 Nbd7 7.b3 Qa5 8.a3 Be7
9.Bb2 O-O 10.e4 dxe4 11.dxe4 Rfd8 12.Qe2 Ne5 13.b4 Nxf3+ 14.Nxf3 Qc7 15.h3 Bh5
16.Qe3 c5 17.b5 Nd7 18.c4 Bxf3 19.Bxf3 Bf6 20.Bxf6 Nxf6 21.e5 Nd7 22.Rfe1 Nb6
23.Qe4 Rd4 24.Qxb7 Qxb7 25.Bxb7 Rb8 26.Bc6 Nxc4 27.Rac1 Nxa3 28.Rxc5 Rb4
29.Ra1 Nxb5 30.Bxb5 R4xb5 31.Rxb5 Rxb5 32.Rxa7 g5 33.Kg2 Rxe5 34.g4 Kg7 35.Kg3 Re4
36.Ra5 Kg6 37.Rb5 h5 38.Rb8 h4+ 39.Kg2 f5 40.gxf5+ exf5 41.Rh8 Kf6 42.Rh5 Ra4
43.Rh8 Ke5 44.Re8+ Kf4 45.Rh8 Ra3 46.Rh7 Ra5 47.Rh8 Ke4 48.Rb8 f4 49.Rb4+ Kf5
50.Rb8 Ra3 51.Rb5+ Kg6 52.Rb6+ Kh5 53.Rf6 Rb3 54.Rf8 Kg6 55.Rg8+ Kf6 56.Rf8+ Kg7
57.Rf5 Kg6 58.Rf8 f3+ 59.Rxf3 Rxf3 60.Kxf3 Kf5 61.Kg2 Kf4 62.Kf1 Kf3 63.Kg1  1/2-1/2

[Event "Copenhagen op"]
[Site "Copenhagen"]
[Date "1988.??.??"]
[Round "?"]
[White "Bergmann, Jesper"]
[Black "Sorensen, Torben"]
[Result "1/2-1/2"]
[WhiteElo "2245"]
[BlackElo "2360"]

1.Nf3 d5 2.g3 c5 3.Bg2 Nc6 4.O-O e6 5.d4 Nf6 6.c4 Be7 7.Nc3 O-O 8.cxd5 exd5
9.Bf4 Bg4 10.dxc5 Bxc5 11.Rc1 Bb6 12.h3 Be6 13.e3 Re8 14.Nb5 Ne4 15.Nbd4 Nxd4
16.Nxd4 g5 17.Bxe4 gxf4 18.Bb1 fxe3 19.fxe3 Qg5 20.Qf3 Qg7 21.Kg2 Bxd4 22.exd4 Qxd4
23.Rc7 Qxb2+ 24.Kh1 Rf8 25.Qh5 Qg7 26.Rxb7 d4 27.Be4 Bxa2 28.Rf6 Rae8 29.Rb5 h6
30.Rxh6 f5 31.Bd5+ Bxd5+ 32.Rxd5 Re1+ 33.Kg2 Re2+ 34.Kh1 Re1+  1/2-1/2

[Event "Copenhagen AS04"]
[Site "Copenhagen"]
[Date "1988.??.??"]
[Round "?"]
[White "Karlsson, Lars"]
[Black "Smagin, Sergey"]
[Result "1/2-1/2"]
[WhiteElo "2520"]
[BlackElo "2550"]

1.Nf3 d5 2.g3 c6 3.Bg2 Bg4 4.Ne5 Bf5 5.f4 Nd7 6.Nf3 Be4 7.d3 Bxf3 8.Bxf3 e5
9.f5 Ngf6 10.e4 dxe4 11.dxe4 Qb6 12.Qe2 O-O-O 13.Nd2 Qc7 14.Nc4 Bb4+ 15.c3 Be7
16.b4 g6 17.fxg6 hxg6 18.a4 Bf8 19.Be3 Kb8 20.Qf2 c5 21.b5 Nb6 22.Nxb6 axb6
23.O-O  1/2-1/2

[Event "Copenhagen AS04"]
[Site "Copenhagen"]
[Date "1988.??.??"]
[Round "?"]
[White "Karlsson, Lars"]
[Black "Kristensen, Bjarke"]
[Result "1/2-1/2"]
[WhiteElo "2520"]
[BlackElo "2400"]

1.Nf3 d5 2.g3 c6 3.Bg2 Nd7 4.d4 Ngf6 5.O-O e6 6.b3 a5 7.a4 Bb4 8.Bb2 O-O
9.Ne1 Re8 10.Nd3 Bd6 11.c4 Qe7 12.Nd2 e5 13.cxd5 cxd5 14.e4 dxe4 15.Nxe4 exd4
16.Re1 Qd8 17.Bxd4 Be7 18.Bb2 Nb6 19.Qf3  1/2-1/2

[Event "Copenhagen AS04"]
[Site "Copenhagen"]
[Date "1988.??.??"]
[Round "?"]
[White "Karlsson, Lars"]
[Black "Bjerring, Kai"]
[Result "1-0"]
[WhiteElo "2520"]
[BlackElo "2345"]

1.Nf3 d5 2.g3 g6 3.Bg2 Bg7 4.O-O Nf6 5.d3 O-O 6.Nc3 c5 7.Bg5 h6 8.Bxf6 Bxf6
9.Nd2 e6 10.e4 dxe4 11.Ncxe4 Nd7 12.Nc4 Bg7 13.Rb1 Rb8 14.a3 b6 15.b4 cxb4
16.axb4 Bb7 17.Rb3 Bd5 18.Ned2 Bxg2 19.Kxg2 a5 20.Kg1 axb4 21.Rxb4 b5 22.Ne3 Qa5
23.Rb1 Rfc8 24.Qe2 Qa4 25.Nf3 b4 26.d4 Qa8 27.Rb3 Nf6 28.Rfb1 Nd5 29.Nxd5 Qxd5
30.c3 Ra8 31.cxb4 Bxd4 32.Nxd4 Qxd4 33.Rd3 Qb6 34.b5 Ra7 35.Qd2 Kg7 36.Rd6 Qc5
37.Rc6 Rxc6 38.bxc6 Qe5 39.Re1 Qd5 40.Qc3+ Kh7 41.c7  1-0

[Event "CUB-ch"]
[Site "?"]
[Date "1988.??.??"]
[Round "?"]
[White "Vilela, Jose Luis"]
[Black "Lugo, Blas"]
[Result "0-1"]
[WhiteElo "2410"]
[BlackElo "2305"]

1.Nf3 d5 2.g3 c6 3.Bg2 Bg4 4.c4 dxc4 5.Na3 Qd5 6.O-O Nd7 7.b3 cxb3 8.axb3 Qh5
9.Nc4 Ngf6 10.Ra5 b5 11.Nd4 e5 12.Bxc6 bxc4 13.Bxa8 Bc5 14.Nf3 O-O 15.Bc6 Bb6
16.Rb5 a6 17.Rxb6 Nxb6 18.Bb2 e4 19.Bxf6 exf3 20.exf3 Bh3 21.Bd4 Bxf1 22.Kxf1 Qh3+
23.Kg1 Qe6 24.Ba4 Nxa4 25.bxa4 Rb8 26.Kg2 h6 27.Bc3 Qc6 28.Qc2 Re8 29.Qf5 Qe6
30.Qf4 f6 31.h4 Qc6 32.a5 Qc5 33.Kf1 Qd5 34.Kg2 Qd3 35.Qd4 Re1 36.Qxd3 cxd3
37.f4 f5 38.h5 Kf7 39.Kf3 Kg8 40.Kg2 Kf7 41.Kf3 g6 42.hxg6+ Kxg6 43.Bd4 Kf7
44.Bc3 Ke6 45.Bb2 h5 46.Bc3 Kd5 47.Kg2 Rc1  0-1

[Event "DEN-chB"]
[Site "?"]
[Date "1988.??.??"]
[Round "1"]
[White "Sorensen, Bent"]
[Black "Sorensen, Torben"]
[Result "0-1"]
[WhiteElo "2320"]
[BlackElo "2360"]

1.g3 d5 2.Nf3 c5 3.Bg2 Nc6 4.O-O e6 5.d3 Nf6 6.Nbd2 Be7 7.e4 O-O 8.Re1 b5
9.e5 Nd7 10.Nf1 a5 11.h4 b4 12.Bf4 Ba6 13.Ng5 Qe8 14.Qg4 Kh8 15.Rad1 Rc8
16.Nf3 a4 17.Bg5 Nd4 18.c3 Nxf3+ 19.Bxf3 a3 20.c4 dxc4 21.dxc4 axb2 22.Rb1 Nb6
23.Nd2 Na4 24.Bd1 Nc3 25.Rxb2 Rd8 26.Be3 Nxd1 27.Qxd1 Bxc4 28.Qc1 Bd3 29.Bxc5 Rc8
30.Nb3 Qb5 31.Bxe7 Rxc1 32.Nxc1 Rc8 33.Rxb4 Qd7 34.Bd6 Ba6 35.Nb3 h6 36.Nc5 Qc6
37.Reb1 Be2 38.Rb7 Qf3 39.R7b3 Qd5 40.Re3 Bf3 41.Rbe1 Bh5 42.Rc1 Qxa2 43.Rec3 Qd2
44.R3c2 Qd5 45.Kh2 Bg6 46.Rb2 f6 47.f4 fxe5 48.fxe5 Kh7 49.Rf2 Bf5 50.Rb2 Rg8
51.Rf1 Qd4 52.Rg2 Qg4 53.Rf4 Qh3+ 54.Kg1 Ra8 55.Rf1 Ra3 56.Nxe6 Rxg3 57.Nf4 Qg4
58.Rf2 Rxg2+ 59.Nxg2 Be4 60.Kf1 Qd1+  0-1

[Event "DEN-chB"]
[Site "?"]
[Date "1988.??.??"]
[Round "2"]
[White "Sorensen, Bent"]
[Black "Kristensen, Bjarke"]
[Result "1/2-1/2"]
[WhiteElo "2320"]
[BlackElo "2300"]

1.g3 d5 2.Nf3 Nf6 3.Bg2 c6 4.O-O Nbd7 5.d3 e5 6.e4 dxe4 7.dxe4 Bc5 8.Ne1 O-O
9.Nd3 Qe7 10.Kh1 Rd8 11.Qe1 b6 12.b4 Bd4 13.Nc3 Ba6 14.Rb1 Bc4 15.a3 a5 16.Ne2 axb4
17.Nxd4 exd4 18.axb4 Ne5 19.Qd2 Ra2 20.Rb2 Ra3 21.Rb1 Rxd3 22.cxd3 Bxd3 23.Bb2 Nxe4
24.Qe1 Bxb1 25.Bxe4 Bxe4+ 26.Qxe4 Qd6 27.Re1 f6 28.f4 Nc4 29.Bxd4 Nd2 30.Qf5 Nf3
31.Bxb6 Nxe1 32.Bxd8 Kf7 33.Qe4 Nd3 34.Bb6 Nxb4 35.Qxh7 Qd1+ 36.Kg2 Qe2+
37.Kh3 Nd5 38.Bc5 Nxf4+ 39.gxf4 Qf3+ 40.Kh4 Qxf4+ 41.Kh3 Qf3+ 42.Kh4 Qf4+  1/2-1/2

[Event "DEN-chB"]
[Site "?"]
[Date "1988.??.??"]
[Round "5"]
[White "Davies, Nigel R"]
[Black "Hansen, Lars"]
[Result "1/2-1/2"]
[WhiteElo "2450"]
[BlackElo "2365"]

1.Nf3 d5 2.g3 c6 3.Bg2 Bg4 4.c4 e6 5.O-O Nd7 6.cxd5 cxd5 7.Nc3 Ngf6 8.d3 Be7
9.h3 Bxf3 10.Bxf3 Ne5 11.Bg2 O-O 12.e4 dxe4 13.dxe4 Qb6 14.Qe2 Rfd8 15.Be3 Qb4
16.Rad1 Nc4 17.Bc1 e5 18.Kh2 Rxd1 19.Rxd1 Rd8 20.Rxd8+ Bxd8 21.Bf1 Na5 22.Be3 Nc6
23.Qb5 Ba5 24.Nd5 Qxb5 25.Bxb5 Nxd5 26.exd5 Nd4 27.Bd3 Bc7 28.Kg2 g6 29.Bg5 Kg7
30.Bc1 Bb6 31.g4 f6 32.g5 fxg5 33.Bxg5 Bc5 34.Be3 b6 35.Be4 Nb5 36.Bg5 Nd6
37.Kf3 Nc4 38.b3 Nd6 39.Bd8 Nf7 40.Bh4 g5 41.Bg3 h5 42.h4 Kf6 43.Ke2 Bd4
44.Bd3 Nd6 45.f3 a5 46.Be1 Bc5 47.Bg3  1/2-1/2

[Event "Dieren op"]
[Site "Dieren"]
[Date "1988.??.??"]
[Round "5"]
[White "Vogel, Jaap"]
[Black "Thesing, Matthias"]
[Result "1/2-1/2"]
[WhiteElo "2250"]
[BlackElo "2345"]

1.Nf3 d5 2.g3 c6 3.Bg2 Bg4 4.b3 Nd7 5.Bb2 Ngf6 6.O-O e6 7.d4 Be7 8.Nbd2 O-O
9.c4 b5 10.Ne1 bxc4 11.bxc4 Qa5 12.Nd3 Rab8 13.Re1 Qa6 14.Qc2 Rfc8 15.c5 Bf5
16.f3 Bxd3 17.exd3 Rb4 18.a4 Bd8 19.Bc3 Rb7 20.Rab1 Rcb8 21.Rxb7 Rxb7 22.Rb1 Rxb1+
23.Nxb1 Ba5 24.Bf1 Bxc3 25.Nxc3 Qb7 26.Qb1 Qxb1 27.Nxb1 g5 28.Kf2 Ne8 29.f4 h6
30.Na3 Nc7 31.Nc2 Na6 32.Bh3 Kf8 33.Ke3 Ke7 34.Bg4 Nf8 35.Bh5 f6 36.Bd1 Ng6
37.Bh5 Nf8 38.Bd1 Kd7 39.Bg4 Kc7 40.Bd1 Nb8 41.Kf3 f5 42.fxg5 hxg5 43.h4 Nh7
44.hxg5 Nxg5+ 45.Kf4 Nh3+ 46.Ke5 Nf2 47.Be2 Kd7 48.Kf6 Na6 49.a5 Nc7 50.Nb4 Nb5
51.Ke5 Nc3 52.Bh5 Nb1 53.Be8+ Kxe8 54.Kxe6 Kd8 55.Kd6 Nc3 56.Nxc6+ Kc8 57.Nxa7+ Kb7
58.Nc6 Nxd3 59.Ne7 f4 60.gxf4 Nxf4 61.c6+  1/2-1/2